Bombay to day and tommorrow (Record no. 1442549)

MARC details
000 -LEADER
fixed length control field 00498nam a2200193Ia 4500
005 - DATE AND TIME OF LATEST TRANSACTION
control field 20250923144726.0
008 - FIXED-LENGTH DATA ELEMENTS--GENERAL INFORMATION
fixed length control field 008 250917s9999 xx 000 0 eng d
037 ## - SOURCE OF ACQUISITION
Stock number Textual
040 ## - CATALOGING SOURCE
Original cataloging agency DSWL
Language of cataloging eng
Transcribing agency DSWL
041 ## - LANGUAGE CODE
Language code of text/sound track or separate title eng
Source of code eng
084 ## - COLON CLASSIFICATION NUMBER
Assigning agency DSWL
100 ## - MAIN ENTRY--PERSONAL NAME
Personal name Dalal, A.R..
9 (RLIN) 827790
245 #0 - TITLE STATEMENT
Title Bombay to day and tommorrow
Statement of responsibility, etc. by A.R. Dalal
260 ## - PUBLICATION, DISTRIBUTION, ETC.
Place of publication, distribution, etc. Bombay
Name of publisher, distributor, etc. Kitab Mahal
Date of publication, distribution, etc. 1930
365 ## - TRADE PRICE
Price type code INR
Price amount 7.50
925 ## -
-- 7.50
942 ## - ADDED ENTRY ELEMENTS (KOHA)
Koha item type Textual
Holdings
Withdrawn status Lost status Damaged status Not for loan Home library Current library Date acquired Total Checkouts Barcode Date last seen Price effective from Koha item type
        Department of Social Work Library Department of Social Work Library 2025-09-23   SW0007049 2025-09-23 2025-09-23 Textual
Copyright @ Delhi University Library System